Thực hành trắc nghiệm tiếng Anh 10 : Theo sách giáo khoa chuẩn và nâng cao

Sách được biên soạn bám sát với nội dung chương trình và SGK tiếng Anh 10 dưới hình thức các bài trắc nghiệm khách quan, bao gồm 16 bài chú trọng kiểm tra các kĩ năng và kiến thức ngôn ngữ học sinh đã được học trong SGK và một bài kiểm tra...

Fuld beskrivelse

Đã lưu trong:
Bibliografiske detaljer
Hovedforfatter: Đặng, Thị Hòa
Format: Bog
Sprog:Undetermined
Udgivet: Hà Nội Giáo dục 2008
Fag:
Tags: Tilføj Tag
Ingen Tags, Vær først til at tagge denne postø!
Thư viện lưu trữ: Trung tâm Học liệu Trường Đại học Cần Thơ
LEADER 01140nam a2200229Ia 4500
001 CTU_185217
008 210402s9999 xx 000 0 und d
020 |c 21000 
082 |a 428.0076 
082 |b H401 
100 |a Đặng, Thị Hòa 
245 0 |a Thực hành trắc nghiệm tiếng Anh 10 : 
245 0 |b Theo sách giáo khoa chuẩn và nâng cao 
245 0 |c ĐặngThị Hòa, Nguyễn Phương Mai 
260 |a Hà Nội 
260 |b Giáo dục 
260 |c 2008 
520 |a Sách được biên soạn bám sát với nội dung chương trình và SGK tiếng Anh 10 dưới hình thức các bài trắc nghiệm khách quan, bao gồm 16 bài chú trọng kiểm tra các kĩ năng và kiến thức ngôn ngữ học sinh đã được học trong SGK và một bài kiểm tra cuối năm có 85 câu hỏi. 
650 |a English language,English texts,Tiếng Anh 
650 |x Problems, exercises, etc,Câu hỏi, bài tập 
904 |i Hải 
980 |a Trung tâm Học liệu Trường Đại học Cần Thơ